| 000 -CABECERA |
| fixed length control field |
01237nam a22002177a 4500 |
| 003 - IDENTIFICADOR DEL NÚMERO DE CONTROL |
| control field |
AR-CdUCM |
| 008 - DATOS DE LONGITUD FIJA--INFORMACIÓN GENERAL |
| fixed length control field |
190222b ||||| |||| 00| 0 spa d |
| 040 ## - FUENTE DE LA CATALOGACIÓN |
| Agencia/entidad que catalogó originalmente la obra |
MUNICIPALIDAD PROVINCIAL DEL CUSCO |
| Entidad que transcribió la catalogación |
BIBLIOTECA MUNICIPAL DEL CUSCO |
| 082 ## - NÚMERO DE LA CLASIFICACIÓN DECIMAL DEWEY |
| No. de Clasificación |
985.002 / |
| Notacion interna |
L97 |
| 100 ## - ENTRADA PRINCIPAL--NOMBRE DE PERSONA |
| Nombre Personal |
Lumbreras, Luis Guillermo |
| 245 ## - MENCIÓN DE TÍTULO |
| Título |
Nueva historia general del Perú : |
| Resto del título |
un compendio / |
| Mención de responsabilidad |
Lumbreras, Luis Guillermo ; Araníbal, Carlos ; Bonilla, Heraclio ; Burga, Manuél ; Cótler, Julio ; Espinoza, Waldemar ; Flores Galindo, Alberto ; López Soria, José Ignacio ; López, Sinesio ; Yepez, Ernesto |
| 260 ## - PUBLICACIÓN, DISTRIBUCIÓN, ETC. |
| Lugar de publicación, distribución, etc. |
Lima - Perú : |
| Nombre de la editorial, distribuidor, etc. |
Mosca azul editores, |
| Fecha de publicación, distribución, etc. |
1982. |
| 300 ## - DESCRIPCIÓN FÍSICA |
| Nº de Páginas Extensión |
263 páginas ; |
| Dimensiones |
20 cm. |
| 505 ## - NOTA DE CONTENIDO CON FORMATO |
| Nota de contenido formateada |
El Perú prehispánico -- la sociedad colonial -- la época del rompimiento -- el militarismo y la dominación Británica -- la crisis política -- la sociedad Andina ... |
| 650 ## - PUNTO DE ACCESO ADICIONAL DE MATERIA--TÉRMINO DE MATERIA |
| Descriptor |
época prehispánico. |
| 9 (RLIN) |
989 |
| 650 ## - PUNTO DE ACCESO ADICIONAL DE MATERIA--TÉRMINO DE MATERIA |
| Descriptor |
Perú siglo XIX. |
| 9 (RLIN) |
990 |
| 650 ## - PUNTO DE ACCESO ADICIONAL DE MATERIA--TÉRMINO DE MATERIA |
| Descriptor |
Bibliografías. |
| 9 (RLIN) |
991 |
| 700 ## - PUNTO DE ACCESO ADICIONAL--NOMBRE DE PERSONA |
| Nombre Personal |
Araníbal, Carlos ; Bonilla, Heraclio ; Burga, Manuél ; Cótler, Julio ; Espinoza, Waldemar ; Flores Galindo, Alberto ; López Soria, José Ignacio ; López, Sinesio ; Yepez, Ernesto |
| 9 (RLIN) |
992 |
| 942 ## - ELEMENTOS DE PUNTO DE ACCESO ADICIONAL (KOHA) |
| Fuente de clasificación |
|
| Tipo de item |
Libros-BMC |
| 945 ## - PROCESAMIENTO DE INFORMACIÓN LOCAL (OCLC) |
| Catalogador |
achl |
| AAAA-MM-DD - Fecha de ingreso o modificacion |
2019-02-22 |